书目信息 |
| 题名: |
我的四爸巴金
|
|
| 作者: | 李致 著 | |
| 分册: | ||
| 出版信息: | 北京 生活·读书·新知三联书店出版 2003.12 |
|
| 页数: | 276页 | |
| 开本: | 21cm | |
| 丛书名: | 巴金百岁华诞纪念文丛 | |
| 单 册: | ||
| 中图分类: | K825.6 , K825.6=7 | |
| 科图分类: | ||
| 主题词: | ||
| 电子资源: | ||
| ISBN: | 7-108-01982-5 | |
| 000 | 00706nam2 2200253 45 | |
| 001 | 012004000000 | |
| 005 | 20041108154414.98 | |
| 010 | @a7-108-01982-5@dCNY 27.60 | |
| 100 | @a20040913d2004 em y0chiy0121 ea | |
| 101 | 0 | @achi |
| 102 | @aCN@b110000 | |
| 105 | @ac z 000yb | |
| 200 | 1 | @a我的四爸巴金@Awo de si ba ba jin@f李致著 |
| 210 | @a北京@c生活·读书·新知三联书店出版@d2003.12 | |
| 215 | @a276页@c肖像@d21cm | |
| 225 | 2 | @a巴金百岁华诞纪念文丛 |
| 320 | @a本书含附录 | |
| 410 | 0 | @12001 @a巴金百岁华诞纪念文丛 |
| 600 | 0 | @a巴金@f1904-@x传记 |
| 690 | @aK825.6@v4 | |
| 690 | @aK825.6=7@v3 | |
| 701 | 0 | @a李致@Ali zhib@4著 |
| 801 | 0 | @aCN@bQSSKm@c20041108 |
| 905 | @a10447@dK825.6=7@eL333 | |
| 我的四爸巴金/李致著.-北京:生活·读书·新知三联书店出版,2003.12 |
| 276页:肖像;21cm.-(巴金百岁华诞纪念文丛) |
| ISBN 7-108-01982-5:CNY 27.60 |
| ● |
| 相关链接 |
|
|
|
正题名:我的四爸巴金
索取号:K825.6=7/L333
 
预约/预借
| 序号 | 登录号 | 条形码 | 馆藏地/架位号 | 状态 | 备注 |
| 1 | 426037 | 204260370 | 社科库309/309社科库 53排4列3层/ [索取号:K825.6=7/L333] | 在馆 | |
| 2 | 426038 | 204260389 | 社科库309/309社科库 53排4列3层/ [索取号:K825.6=7/L333] | 在馆 |